000 00622cab a2200253 4500
001 X1845
008 090401t1995 xxu||||| |||| 00| 0 eng d
035 _a(Sirsi) u19871
041 _aeng
245 _aEconomic change in Eastern Europe
260 _c1995
350 _a0
490 _aCSM (Chartered Surveyor Monthly)
_v4(3) January 1995, 41(1)
650 _aBUDAPEST
650 _aCONFERENCES
650 _aEASTERN EUROPE
650 _aFIG
650 _aPLANNING POLICY
650 _aSPATIAL PLANNING
650 _aWORKSHOP
690 _aPLANNING LAW AND PRACTICE
942 _n0
948 _c04/03/1997
999 _c13313
_d13313